Statistics for Months in Welsh

Click here to take the quiz!

General Stats

  • This quiz has been taken 88 times
  • The average score is 10 of 12

Answer Stats

HintAnswer% Correct
MayMai
100%
MarchMawrth
96%
JanuaryIonawr
93%
AugustAwst
91%
AprilEbrill
91%
DecemberRhagfyr
87%
FebruaryChwefror
86%
NovemberTachwedd
86%
SeptemberMedi
84%
OctoberHydref
80%
JuneMehefin
77%
JulyGorffennaf
70%

Score Distribution

Percentile by Number Answered

Percent of People with Each Score

Your Score History

You have not taken this quiz